Elements of Civil Engineering & Engineering Mechanics (Record no. 181355)

000 -LEADER
fixed length control field 00342nam a2200121Ia 4500
008 - FIXED-LENGTH DATA ELEMENTS--GENERAL INFORMATION
fixed length control field 220217s9999||||xx |||||||||||||| ||und||
082 ## - DEWEY DECIMAL CLASSIFICATION NUMBER
Classification number 624 KOL
100 ## - MAIN ENTRY--PERSONAL NAME
Personal name Kolhapure, B K
245 #0 - TITLE STATEMENT
Title Elements of Civil Engineering & Engineering Mechanics
260 ## - PUBLICATION, DISTRIBUTION, ETC.
Place of publication, distribution, etc. Eastern book promoters
Name of publisher, distributor, etc. Belgaum
Date of publication, distribution, etc. 2009
300 ## - PHYSICAL DESCRIPTION
Extent 475
Other physical details 225
650 ## - SUBJECT ADDED ENTRY--TOPICAL TERM
Topical term or geographic name entry element CIVIL
Holdings
Withdrawn status Lost status Damaged status Not for loan Collection code Home library Current library Date acquired Total Checkouts Full call number Barcode Date last seen Date last checked out Price effective from Koha item type
        Civil Engineering Central Library Central Library 02/18/2022 6 624 KOL 16544 05/15/2023 04/05/2023 02/18/2022 Books

Powered by Koha